| 000 | 00368 a2200157 4500 | ||
|---|---|---|---|
| 001 | 63838 | ||
| 020 | _a9788577430796 | ||
| 040 | _cAnchieta - Pituba | ||
| 100 | _aRoss, Jurandyr Luciano Sanches | ||
| 240 | 1 | 0 |
_aAmérica Latina _lpor |
| 245 | 1 | 0 | _aAmérica Latina |
| 300 | _a288 | ||
| 362 | 0 | _a2008 | |
| 650 | 4 | _aGeografia e Viagens na América do Sul | |
| 942 | _cBK | ||
| 999 |
_c63838 _d63838 |
||